000 00733nam a2200289Ia 4500
005 20260324130512.0
008 008 260324s9999 xx 000 0 eng d
020 _a9781315793221
037 _aEBOOK
040 _aCRL
040 _beng
040 _cCRL
041 _2eng
041 _aeng
084 _qCRL
100 _aD. Yogi Goswami
_91182027
245 0 _aAdvances in Solar Energy: Volume 17
245 3 _bAn Annual Review of Research and Development in Renewable Energy Technologies
260 _bTaylor and Francis
260 _c2007
365 _a
365 _b510
856 _uhttp://www.taylorfrancis.com/books/9781315793221
942 _cEBOOK
999 _c1778243
_d1778243